Catálogo
 En Linea

Herblock on all fronts : (Registro nro. 17765)

Detalles MARC
000 -CABECERA
campo de control de longitud fija 01031cam a2200253 a 4500
001 - NÚMERO DE CONTROL
campo de control 000018244
005 - FECHA Y HORA DE LA ÚLTIMA TRANSACCIÓN
campo de control 20200929165422.0
008 - DATOS DE LONGITUD FIJA--INFORMACIÓN GENERAL
campo de control de longitud fija 800610s1980 nyua 000 0 eng d
020 ## - NÚMERO INTERNACIONAL ESTÁNDAR DEL LIBRO
Número Internacional Estándar del Libro 0453003893
040 ## - FUENTE DE LA CATALOGACIÓN
Centro catalogador/agencia de origen DO-SdBNP
Lengua de catalogación eng
Centro/agencia transcriptor LC
Centro/agencia modificador BNPHU
050 00 - SIGNATURA TOPOGRÁFICA DE LA BIBLIOTECA DEL CONGRESO
Número de clasificación E872
Número de documento/Ítem .B57
082 ## - NÚMERO DE LA CLASIFICACIÓN DECIMAL DEWEY
Número de clasificación nn*
Número de documento/Ítem B651h
049 ## - FONDOS LOCALES (OCLC)
Fondos de biblioteca BNGR
100 1# - ENTRADA PRINCIPAL--NOMBRE DE PERSONA
Nombre de persona Block, Herbert,
Fechas asociadas al nombre 1909-2001.
9 (RLIN) 39511
245 10 - MENCIÓN DE TÍTULO
Título Herblock on all fronts :
Resto del título text and cartoons /
Mención de responsabilidad, etc. Herbert Block.
260 ## - PUBLICACIÓN, DISTRIBUCIÓN, ETC.
Lugar de publicación, distribución, etc. New York :
Nombre del editor, distribuidor, etc. New American Library,
Fecha de publicación, distribución, etc. 1980.
300 ## - DESCRIPCIÓN FÍSICA
Extensión viii, 280 p. :
Otras características físicas il. ;
Dimensiones 26 cm.
651 #0 - PUNTO DE ACCESO ADICIONAL DE MATERIA--NOMBRE GEOGRÁFICO
Nombre geográfico United States
Subdivisión general Politics And Government
Subdivisión cronológica 1977-1981
Subdivisión de forma Caricatures and cartoons.
9 (RLIN) 39512
651 #0 - PUNTO DE ACCESO ADICIONAL DE MATERIA--NOMBRE GEOGRÁFICO
Nombre geográfico United States
Subdivisión general Politics And Government
Subdivisión cronológica 1969-1974
Subdivisión de forma Caricatures and cartoons.
9 (RLIN) 39513
651 #0 - PUNTO DE ACCESO ADICIONAL DE MATERIA--NOMBRE GEOGRÁFICO
Nombre geográfico United States
Subdivisión general Politics And Government
Subdivisión cronológica 1974-1977
Subdivisión de forma Caricatures and cartoons.
9 (RLIN) 39514
651 #0 - PUNTO DE ACCESO ADICIONAL DE MATERIA--NOMBRE GEOGRÁFICO
Nombre geográfico United States
Subdivisión general Social Conditions
Subdivisión cronológica 1960-1980
Subdivisión de forma Caricatures and cartoons.
9 (RLIN) 39515
650 #0 - PUNTO DE ACCESO ADICIONAL DE MATERIA--TÉRMINO DE MATERIA
Término de materia o nombre geográfico como elemento de entrada American wit and humor, pictorial.
9 (RLIN) 39516
910 ## - DATOS DE OPCIÓN DEL USUARIO (OCLC)
Datos de opción del usuario Catalogación por copia / LC
Existencias
Estado de retiro Estado de pérdida Restricciones de uso No para préstamo Código de colección Localización permanente Ubicación/localización actual Ubicación en estantería Fecha de adquisición Número de inventario Total de préstamos Signatura topográfica completa Código de barras Fecha visto por última vez Precio válido a partir de Tipo de ítem Koha
        Monografías: Libros y Folletos General General En catalogación 22.04.2010 LF1   nn* B651h 18244-10 25.06.2020 25.06.2020 Préstamo en sala

Con tecnología Koha